Risultati della Lazio in UEFA Europa League 2022-2023 - Statistics

Statistiche generali
  • Questo quiz è stato fatto 8 volte
  • Il punteggio medio è 5 su 6
Statistiche sulle risposte
Hint Risposta % Corretto
Feyenoord - Lazio 1-0
100%
Lazio - Midtjylland 2-1
88%
Lazio - Feyenoord 4-2
88%
Midtjylland - Lazio 5-1
88%
Sturm Graz - Lazio 0-0
50%
Lazio - Sturm Graz 2-2
50%
Nessun quiz corrispondente trovato
Distribuzione punteggi
Percentuale di utenti per punteggio
Percentile per numero di risposta
I tuoi punteggi nel tempo
Non hai fatto questo quiz